Europa frente a Cuba: el fracaso de una política subalterna /

Kaydedildi:
Detaylı Bibliyografya
Yazar: Xalma, Cristina
Materyal Türü: Metin
Etiketler: Etiketle
Etiket eklenmemiş, İlk siz ekleyin!

MARC

LEADER 00000 a a2200000 04500
001 10915
003
040
100 |a Xalma, Cristina  
245 |a Europa frente a Cuba:   |b el fracaso de una política subalterna /  |c Cristina Xalma 
773 |g número 216; páginas 65-76  
999 |c 38824  |d 38824